Score 0/27 Timer 05:00
1 Play Today
Hint 4-Letter Word % Correct
Martial art: ___ FuKUNG
97%
Green citrus fruitLIME
96.2%
Breathing organLUNG
95.9%
It connects two pointsLINE
95.1%
Above average heightTALL
92.3%
• 1994 Disney Film: 'The [Rung 1]
_____' •
♔ KING ♔
92.2%
Place of many storesMALL
90.3%
• 1994 Disney Film: 'The ____
[Rung 8]' •
♔ LION ♔
90.1%
An often mythic storyTALE
89.7%
Chip's chipmunk partner in the Disney worldDALE
89.1%
Not spicy, like salsaMILD
88.8%
Blue-green colorTEAL
88%
Nothing, in SpanishNADA
87%
Where grains, seeds, etc. are groundMILL
86.4%
Hint 4-Letter Word % Correct
A relative of codLING
85.9%
Affectionate, showing benevolenceKIND
84.8%
A flaw in a poker playerTELL
84.8%
• Love interest in 'The [Rung 1]
[Rung 8]' •
♔ NALA ♔
83.8%
• Villainous uncle of 'The [Rung 1]
[Rung 8]' •
♔ SCAR ♔
83.2%
'Kiss from a Rose' singerSEAL
82.4%
To concern oneself with, to pay attention toMIND
82%
To char or scorchSEAR
80.2%
Depict or describe in painting or wordsLIMN
77%
County where Miami isDADE
76.8%
A large partyGALA
75.6%
Fatherly art movement?DADA
74.5%
Impudence, chutzpahGALL
74%

Today's Daily Dose

Missing Word
Marvin Gaye Songs

Quick Pick
Movies of 2019

Get the Picture
Chinese Cities

You're not logged in!

Compare scores with friends on all Sporcle quizzes.
OR
Log In

Sporcle TV

Today on Sporcle TV


Watch our educational content, quiz creation guides, and fun videos on Sporcle TV.

Show Comments

Extras

Top Quizzes Today


Score Distribution

Your Account Isn't Verified!

In order to create a playlist on Sporcle, you need to verify the email address you used during registration. Go to your Sporcle Settings to finish the process.

Report this User

Report this user for behavior that violates our Community Guidelines.

Details: